| 000 | 00484cas a22001815a 4500 | ||
|---|---|---|---|
| 001 | L137308 | ||
| 008 | 070328d20062007xxkmr p 0 a0eng u | ||
| 035 | _a(Sirsi) u137308 | ||
| 041 | 0 | _aeng | |
| 110 | 2 |
_aRoyal Institution of Chartered Surveyors _94900 |
|
| 245 | 0 | 0 | _aMonthly Operations Board report |
| 260 |
_aLondon _bRICS _c2006-2007 |
||
| 362 | 0 | _aSeptember 2006-July 2007 | |
| 554 | _a12 per year | ||
| 651 | 4 |
_aGreat Britain _y1707- |
|
| 690 | _aABOUT RICS | ||
| 942 | _n0 | ||
| 999 |
_c118901 _d118901 |
||